Central Library OPAC University of Rajshahi

The Arab woman and the Palestine problem / (Record no. 69121)

MARC details
000 -LEADER
fixed length control field 00873cam a2200289u 4500
001 - CONTROL NUMBER
control field 69121
003 - CONTROL NUMBER IDENTIFIER
rucl marc code BD-RjUL
005 - DATE AND TIME OF LATEST TRANSACTION
control field 20211209081842.0
008 - FIXED-LENGTH DATA ELEMENTS--GENERAL INFORMATION
fixed length control field 810313s1937 enk 000 0 eng
035 ## - SYSTEM CONTROL NUMBER
System control number (BD-RjUL)69332
040 ## - CATALOGING SOURCE
Original cataloging agency DLC
Transcribing agency CarP
Modifying agency DLC
Language of cataloging eng
041 ## - LANGUAGE CODE
Language code of text/sound track or separate title eng
043 ## - GEOGRAPHIC AREA CODE
Geographic area code ma-----
082 ## - DEWEY DECIMAL CLASSIFICATION NUMBER
Edition number 23
Classification number 305.4209564
Author mark and year MOA 1937
100 1# - MAIN ENTRY--PERSONAL NAME
Personal name Mogannam, Matiel, E. T. [from old catalog]
9 (RLIN) 228550
245 04 - TITLE STATEMENT
Title The Arab woman and the Palestine problem /
Statement of responsibility, etc. Matiel E T Mogannam
260 ## - PUBLICATION, DISTRIBUTION, ETC. (IMPRINT)
Place of publication, distribution, etc. London :
Name of publisher, distributor, etc. H. Joseph, limited ,
Date of publication, distribution, etc. [1937]
300 ## - PHYSICAL DESCRIPTION
Pagination 319 p. :
Size 22 cm.
Illustrations ill. ;
650 #0 - SUBJECT ADDED ENTRY--TOPICAL TERM
Topical term or geographic name as entry element Palestinian Arabs.
9 (RLIN) 228551
Topical term or geographic name as entry element Women, Arab.
9 (RLIN) 228552
Topical term or geographic name as entry element Women
Geographic subdivision Palestine.
9 (RLIN) 228553
Topical term or geographic name as entry element Jews
General subdivision Restoration.
9 (RLIN) 228554
906 ## - LOCAL DATA ELEMENT F, LDF (RLIN)
a 0
b cbc
c premunv
d u
e ncip
f 19
g y-gencatlg
942 ## - ADDED ENTRY ELEMENTS (KOHA)
Source of classification or shelving scheme Dewey Decimal Classification
Koha item type Books
Holdings
Lost status Source of classification or shelving scheme Damaged status Not for loan Collection code Permanent Location Current Location Shelving location Date acquired Total Checkouts Full call number Date last seen Copy number Koha item type
  Dewey Decimal Classification   Not For Loan Non-fiction Central Library, University of Rajshahi Central Library, University of Rajshahi Reading Room 25/02/2019   305.4209564 MOA 1937 25/02/2019 C-1 Books